Pays d'Europe par Région - Statistiques

Statistiques générales
  • Ce quiz a été pris 83 fois
  • Le résultat moyen est 24 sur 45
Statistiques - réponses
Hint Réponse % Correct
Occitanie France
93%
Sofia Bulgarie
92%
Saint-Marin Saint-Marin
92%
Catalonia Espagne
89%
Monaco Monaco
89%
Geneva Suisse
88%
Vatican Vatican
88%
Pays de Galles Royaume-Uni
86%
Transylvania Roumanie
82%
Peloponnese Grèce
79%
Namur Belgique
78%
Calabria Italie
77%
Algarve Portugal
74%
Tirol Autriche
66%
Transnitria Moldavie
66%
Nizhny Novgorod Russie
64%
Fredrikstad Norvège
63%
Esch-sur-Alzette Luxembourg
60%
Saarland Allemagne
59%
Midtjylland Danemark
55%
Warminsko-Mazurskie Pologne
52%
Shannon Irlande
47%
Gästrikland Suède
45%
Brestskaya Biélorussie
44%
Raplamaa Estonie
41%
Uusimaa Finlande
41%
Moravskoslezsky République Tchèque
41%
Osrednjeslovenska Slovénie
40%
Overijssel Pays-Bas
38%
Slavonie Croatie
37%
Latgale Lettonie
37%
Gozo Malte
36%
Republika Srpska Bosnie-Herzégovine
33%
Dibër albanie
32%
Csongrad Hongrie
27%
Austurland Islande
27%
Regjioni i Pejës Kosovo
27%
Central Region(Me) Montenegro
26%
Podunavlje Serbie
26%
Volyn Ukraine
26%
Dzûkija Lituanie
25%
Ordino Andorre
23%
Banska Bystrica Slovaquie
23%
Pelagonia Macédoine du Nord
19%
Balzers Liechenstein
4%
Aucun quiz correspondant
Distribution des résultats
% des personnes avec chaque résultat
Percentile par nombre de réponses
Votre historique - résultats
Vous n’avez pas pris ce quiz